000 00329nam a2200145Ia 4500
008 230711s9999||||xx |||||||||||||| ||und||
041 _aENG
082 _a720
_bTU-H
100 _aTully,Mark
245 4 _aThe heart of India
250 _a1st
260 _c1995
_aNew Delhi
_bPenguin Books
650 _aArchitecture
942 _cBK
999 _c3236
_d3236